Derecho romano y esencia del derecho

Guardat en:
Dades bibliogràfiques
Autor principal: Iglesias Santos, Juan (autor)
Format: Llibre
Idioma:espanyol
Publicat: Barcelona Ariel 1957
Matèries:
Etiquetes: Afegir etiqueta
Sense etiquetes, Sigues el primer a etiquetar aquest registre!

MARC

LEADER 00000nam a2200000 a 4500
001 UCR2785
003 CL-VaPUC
008 980116e19570000SP |||||||||||||||||spa|d
082 0 4 |a 340.54  |b IGL  |2 21 
100 |a Iglesias Santos, Juan  |e autor  |9 857449 
245 1 0 |a Derecho romano y esencia del derecho 
300 |a 43 p 
942 |c BK 
945 |d 19980116 00:00:00  |a aolguin 
260 |a Barcelona  |b Ariel  |c 1957 
650 0 |a Derecho romano  |9 255930 
650 0 |a Teoría del derecho  |9 255982 
650 0 |a Historia  |9 255047 
650 0 |a Fuentes del derecho   |9 255162 
583 |a last modification  |c 19980116 00:00:00  |k Rodrigo Vera 
999 |c 265912  |d 265910 
952 |0 0  |1 0  |4 0  |6 340_540000000000000_IGL_1957  |7 0  |8 DER_ROM  |9 297058  |a BIBDER  |b BIBDER  |d 2019-11-20  |i 1931415  |o 340.54 IGL 1957  |p 1931415  |r 2023-01-25  |w 2019-11-20  |x Ubicación 4to piso  |y BK  |z Este recurso debe solicitarse con anticipación  |k DER